000 00323nam a2200109Ia 4500
008 180315s9999 xx 000 0 und d
020 _a9781471167508
100 _aRobbins, Tony
245 _aMoney master the game :
_b7 simple steps to financial freedom
260 _aUK :
_b2014
_cSimon & Schuster
300 _axii, 661 pages
999 _c356308
_d356308